000 00298nam a22001337a 4500
008 180926b xxu||||| |||| 00| 0 eng d
020 _a9780534527099
041 _aeng
080 _a612.39
100 _a10
101 _aNUT
245 _aMedical Nutrition Therapy
_cNelms, M.N
942 _2udc
_cBK
999 _c48518
_d48518